000 01111nam a2200241 i 4500
001 157144
003 ES-MaACL
005 20250813063332.0
008 960711s1853 sp |||| | spa d
040 _aCLM
_bspa
_cCLM
100 1 _aLarramendi, Manuel de,
_d1690-1766
_970303
245 1 0 _aDiccionario trilingüe castellano, bascuence y latín /
_cpor M. de Larramendi.
250 _aNueva ed.
_bpublicada por Pío de Zuaza.
260 _aSan Sebastián :
_bPío de Zuaza,
_c1853 (
_fEstablecimiento tipográfico-literario del editor)
300 _a2 tom. en 1 v. (XVI, [14], CCV, 510 ; 440, VI p.) ;
_c30 cm.
530 _aDisponible en formato digital.
650 4 _aLengua española-
_vDiccionarios-
_xVasco.
_9141577
650 0 4 _aLengua española-
_vDiccionarios-
_xLatín.
_914144
700 1 _aZuazua, Pío.
_9134056
852 _aES-MaACL
_jC-2551
_z-- Enc. hol.
_z-- 2 t. en 1 v.
_x-- Edic.: 2 v. ([6], XVI, [14], CCV, 444, V, [4]; [6], 510, [2] en bl., VI p.)
856 _uhttp://bdh-rd.bne.es/viewer.vm?id=0000237983&page=1
_zBiblioteca Digital Hispánica
999 _c157144
_d157144